Radio physics course; (Record no. 184187)
[ view plain ]
| 000 -LEADER | |
|---|---|
| fixed length control field | 01891 a2200169 4500 |
| 003 - CONTROL NUMBER IDENTIFIER | |
| control field | Nust |
| 005 - DATE AND TIME OF LATEST TRANSACTION | |
| control field | 20170207153338.0 |
| 040 ## - CATALOGING SOURCE | |
| Transcribing agency | Nust |
| 082 ## - DEWEY DECIMAL CLASSIFICATION NUMBER | |
| Classification number | 537 |
| 100 ## - MAIN ENTRY--PERSONAL NAME | |
| Personal name | Ghirardi, Alfred A. |
| 245 ## - TITLE STATEMENT | |
| Title | Radio physics course; |
| Remainder of title | an elementary text book on electricity and radio, |
| Statement of responsibility, etc. | Ghirardi, Alfred A |
| 260 ## - PUBLICATION, DISTRIBUTION, ETC. | |
| Place of publication, distribution, etc. | New York city, |
| Name of publisher, distributor, etc. | Radio technical publishing co., |
| Date of publication, distribution, etc. | 1931. |
| 300 ## - PHYSICAL DESCRIPTION | |
| Extent | 2 p.l., ix-xiv p., 1 l., 974 p. |
| Other physical details | front., illus., diagrs. 24 cm. |
| 505 ## - FORMATTED CONTENTS NOTE | |
| Formatted contents note | Radio Broadcasting System (Page-1) Sound Speech and Music as Related to Broadcasting (Page-5) Electron Theory, Electric Current (Page-51) Electrical Circuits Electromagnetic Induction (Page-138) Inductance and Inductors (Page-166) Capacitance and Condensers (Page-184) Alternating Current Circuits (Page-221) Electric Filters (Page-252)Electrical Measuring Instruments (Page-271) Electromagnetic Radiations (Page-324) Radio Transmission The Broadcasting Station (Page-337) The Receiving Station Detection With Crystals (Page-361) Elementary Study of the Vacuum Tube (Page-383) Vacuum Tube Characteristics (Page- 406) Construction Features of Vacuum Tubes (Page-437) Vacuum Tube Detector and Amplifier Action (Page-490) Radio Frequency Amplification (Page-516) Super heterodyne Receives (Page-568) Design of R.F Amplifiers and Tunings and Tuning Coils (Page-586) Audio Amplification (Page-615) Loud Speakers (Page-685) The Battery Operated Receiver (Page-730) The Power Supply Unit (Page738) Electric Receivers (Page-765) Automobile and Aircraft Receivers (Page-778) Phonograph Pickups and Sound Amplifiers Systems (Page-792) Short Wave Reception (Page810) Vacuum Tube Applications and Photoelectric Cell (Page-835) Television (Page285) The Antenna and Ground (Page-887) Testing and Servicing (Page-889) Sound Motion Picture (Page912) |
| 538 ## - SYSTEM DETAILS NOTE | |
| System details note | Almirah No.17 Shelf No.1 |
| 650 ## - SUBJECT ADDED ENTRY--TOPICAL TERM | |
| Topical term or geographic name entry element | Radio physics course; |
| 942 ## - ADDED ENTRY ELEMENTS (KOHA) | |
| Source of classification or shelving scheme | |
| Koha item type | Book |
| Withdrawn status | Lost status | Source of classification or shelving scheme | Damaged status | Not for loan | Collection code | Permanent Location | Current Location | Date acquired | Total Checkouts | Full call number | Barcode | Date last seen | Price effective from | Koha item type |
|---|---|---|---|---|---|---|---|---|---|---|---|---|---|---|
| Military College of Signals (MCS) | Military College of Signals (MCS) | 12/12/2016 | 537 GHI | MCS6073 | 12/08/2016 | 12/12/2016 | Book |
